| 000 | 00720nam a22001817a 4500 | ||
|---|---|---|---|
| 005 | 20251108174746.0 | ||
| 008 | 250721s2008 xx 000 0 ara d | ||
| 082 | 1 | 4 | _a658/بلد |
| 100 | 1 |
_aالبلداوي، عبد الحميد عبد المجيد _eمؤلف |
|
| 245 | 1 | 0 | _aالأساليب الكمية التطبيقية في إدارة الاعمال التآلف العلمي الثلاثي : الإدراة , بحوث العمليات , الإحصاء / |
| 264 | 1 |
_aعمان : _bوائل للنشر، _c2008. |
|
| 300 | _a261ص. | ||
| 650 | 1 | 7 | _aإدارة الاعمال |
| 650 | 1 | 7 | _aبحوث العمليات |
| 700 | 1 | _aالحميدي، نجم عبد الله | |
| 942 |
_2ddc _cBK |
||
| 999 |
_c117309 _d117309 |
||